El gobierno de Carlos Alvarado y la contrarrevolución neoliberal en Costa Rica /
Сохранить в:
| Главный автор: | |
|---|---|
| Другие авторы: | , , , , |
| Формат: | |
| Язык: | Spanish |
| Опубликовано: |
[San José, Costa Rica] :
CIHAC,
2021.
|
| Редактирование: | 1. edición |
| Предметы: | |
| Метки: |
Добавить метку
Нет меток, Требуется 1-ая метка записи!
|
MARC
| LEADER | 00000nam a22000007a 4500 | ||
|---|---|---|---|
| 008 | 230208b |||||||| |||| 00| 0 spa d | ||
| 020 | |a 9789930974841 | ||
| 041 | 0 | |a spa | |
| 082 | 0 | |a 320.510 |b A184g | |
| 100 | 1 | |a Acuña Soto, Jonathan |d 1989- |e Autor/a | |
| 245 | 1 | 3 | |a El gobierno de Carlos Alvarado y la contrarrevolución neoliberal en Costa Rica / |c Iván Molina Jiménez, David Díaz Arias, editores ; autoras y autores, Jonathan Acuña Soto, Marco Vinicio Calderón Blanco, Julián Cárdenas Herrera, Sofía Cortés Sequeira, David Díaz Arias [y otros once]. |
| 250 | |a 1. edición | ||
| 260 | 1 | |a [San José, Costa Rica] : |b CIHAC, |c 2021. | |
| 300 | |a xx, 390 páginas. | ||
| 650 | 0 | 7 | |a NEOLIBERALISMO |z COSTA RICA |
| 651 | 7 | |a COSTA RICA |x POLITICA Y GOBIERNO |y 2018- | |
| 651 | 7 | |a COSTA RICA |x POLITICA ECONOMICA | |
| 651 | 7 | |a COSTA RICA |x CONDICIONES SOCIALES |y 2018- | |
| 700 | 1 | |a Calderón Blanco, Marco Vinicio |d 1987- |e Autor/a | |
| 700 | 1 | |a Cárdenas Herrera, Julián |d Autor/a | |
| 700 | 1 | |a Cortés Sequeira, Sofía |d 1987- |e Autor/a | |
| 700 | 1 | |a Díaz Arias, David Gustavo |d 1977- |e Editor/a | |
| 700 | 1 | |a Molina Jiménez, Iván |d 1961- |e Editor/a | |
| 942 | |2 ddc |c BK | ||
| 999 | |c 22263 |d 22263 | ||



